Conferències sobre varietats comarcals del dret civil català / (Record no. 187962)

MARC details
000 -LEADER
campo de control de longitud fija 00651nam a2200169 i 4500
001 - NÚMERO DE CONTROL
campo de control 187962
003 - IDENTIFICADOR DE NÚMERO DE CONTROL
campo de control ES-MaACL
005 - FECHA Y HORA DE LA ÚLTIMA TRANSACCIÓN
campo de control 20230906223053.0
008 - DATOS DE LONGITUD FIJA--INFORMACIÓN GENERAL
campo de control de longitud fija 180402s1934 sp |||| | cat d
245 00 - MENCIÓN DEL TÍTULO
Título Conferències sobre varietats comarcals del dret civil català /
Mención de responsabilidad, etc. per Oriol Anguera de Sojo i Dodero ... [et al.].
260 ## - PUBLICACIÓN, DISTRIBUCIÓN, ETC.
Lugar de publicación, distribución, etc. Barcelona :
Nombre del editor, distribuidor, etc. Acadèmia de Jurisprudència i Legislació de Catalunya,
Fecha de publicación, distribución, etc. 1934.
300 ## - DESCRIPCIÓN FÍSICA
Extensión 349 p. ;
Dimensiones 26 cm.
650 #4 - PUNTO DE ACCESO ADICIONAL DE MATERIA--TÉRMINO DE MATERIA
Término de materia o nombre geográfico como elemento de entrada Derecho civil-
Subdivisión geográfica Cataluña.
9 (RLIN) 140364
700 1# - ENTRADA AGREGADA--NOMBRE PERSONAL
Nombre de persona Anguera de Sojo, Oriol.
9 (RLIN) 21764
710 2# - ENTRADA AGREGADA--NOMBRE DE ENTIDAD CORPORATIVA
Nombre de entidad corporativa o nombre de jurisdicción como elemento de entrada Acadèmia de Jurisprudència i Legislació de Catalunya.
9 (RLIN) 163698
852 ## - LOCALIZACIÓN
Ubicación ES-MaACL
Número de control de estantería A-2930
Holdings
Estatus retirado Estado de pérdida Estado de daño No para préstamo Biblioteca de origen Biblioteca actual Ubicación en estantería Fecha de adquisición Fuente de adquisición Total de préstamos Signatura topográfica completa Código de barras Visto por última vez Precio de reemplazo Tipo de ítem Koha
        Biblioteca del Ateneo de Madrid Biblioteca del Ateneo de Madrid Sala Pecera Planta 1 02/04/2018     A-2930 1198614 23/02/2023 23/02/2023 Libro impreso